Compte rendu des débats <L'>Assemblée parlementaire

Gespeichert in:
Bibliographische Detailangaben
Format: Buch
Sprache:Französisch
Veröffentlicht: Strasbourg Conseil de l'Europe 1985
Tags: Tag hinzufügen
Keine Tags, Fügen Sie das erste Tag hinzu!

MARC

LEADER 00000nam a2200000 4500
001 c110601
005 20250606084111.3
041 0 |a fre 
044 |a FR 
245 1 0 |a Compte rendu des débats  |b <L'>Assemblée parlementaire 
264 1 |a Strasbourg  |b Conseil de l'Europe  |c 1985 
300 |a S. 633-894